| 000 | 01024nmm a2200337 a 4500 | ||
|---|---|---|---|
| 003 | AR-BaBNM | ||
| 005 | 20251128205727.0 | ||
| 008 | 068019s1988 ||||||||||||||000 | spa|| | ||
| 040 | _cAR-BaBNM | ||
| 100 | 1 | _aChavez, Fermín | |
| 245 | 1 | 0 | _aCivilización y barbarie en la historia de la cultura argentina |
| 250 | _a4ª ed. corr. | ||
| 260 |
_aBuenos Aires _bLos Colihues _c1988 |
||
| 300 | 0 | _a208 p. | |
| 500 | 0 | _aContiene cronología con la historia de la cultura argentina para consultar p. 185-206 | |
| 600 | 1 | 4 | _aAlberdi, Juan Bautista |
| 600 | 1 | 4 |
_aSarmiento, Domingo Faustino _d1868-1874 |
| 600 | 1 | 4 | _aHernández, José |
| 600 | 1 | 4 |
_aTaborda, Saul _d1885-1944 |
| 650 | 4 | _aPERIODO INDEPENDIENTE | |
| 650 | 4 | _aHISTORIA CULTURAL | |
| 650 | 4 | _aPRESIDENCIAS ARGENTINAS | |
| 650 | 4 | _aNACIONALISMO CULTURAL | |
| 650 | 4 | _aIDENTIDAD NACIONAL | |
| 650 | 4 | _aESTEREOTIPO NACIONAL | |
| 650 | 4 | _aIDEOLOGIAS | |
| 650 | 4 | _aPATRIOTISMO | |
| 650 | 4 | _aCIENCIAS POLITICAS | |
| 942 | _cBK | ||
| 998 | _cMariana | ||
| 999 |
_c12574 _d12574 |
||